• 首页
  • 本馆介绍
  • 公告通知
  • 最新文献
  • 馆藏检索
  • 电子资源
  • 读者导购
  • 参考咨询
  • 我的图书馆
  • 登录
  • 详细信息显示
  • 放入我的书架
  • 预约/预借图书
  • 作者相关作品
  • 分类相关作品
  • 丛书相关作品
  • 出版社相关作品

书目信息

  • 表格格式
  • 工作单格式
  • 卡片格式
题名:
情报与文献科学技术概论
    
 
作者: 甘沙 , 梅努 著 ;李亚民 , 韩莉 , 焦俊武 译
分册:  
出版信息: 北京   科学技术文献出版社  1987
页数: 368页
开本: 20cm
丛书名:
单 册:
中图分类: G35 , G350
科图分类:
主题词: 情报学 , 情报工作
电子资源:
ISBN: 7-5023-0035-X
000 01082nam0 2200325 45
001 0187001864
005 20070802114907.37
010    @a7-5023-0035-X@dCNY3.15
100    @a19900808d1987 emky0chiy0121 ea
101 1  @achi@cfre
102    @aCN@b110000
105    @ay z 000yy
200 10 @a情报与文献科学技术概论@Aqing bao yu wen xian ke xue ji shu gai lun@f(法)甘沙, (法)梅努著@g焦俊武等译
210    @a北京@c科学技术文献出版社@d1987
215    @a368页@d20cm
300    @a书名原文: Introduction generale aux sciences et techniques de linbormation et de la documentatio
510 1  @aIntroduction generale aux sciences et techniques de linbormation et de la documentation@zfre
606 0  @a情报学
606    @a情报工作
610 0  @a文献学
690    @aG35
690    @aG350@v3
701  1 @a甘沙@Agan sha@bC.@4著
701  1 @a梅努@Amei nu@bM.@4著
702  0 @a李亚民@Ali ya min@4译
702  0 @a韩莉@Ahan li@4译
702  0 @a焦俊武@Ajiao jun wu@4译
801  2 @aCN@bNLC@c20070802
801  0 @aCN@b深圳图书馆@c20040429
905    @f3@b209039-041@dG35@e39
    
    情报与文献科学技术概论/(法)甘沙, (法)梅努著/焦俊武等译.-北京:科学技术文献出版社,1987
    368页;20cm
    书名原文: Introduction generale aux sciences et techniques de linbormation et de la documentatio
    
    ISBN 7-5023-0035-X:CNY3.15
    
●
相关链接 在E读中查询图书 在五车中查询图书 在当当中查询图书 在豆瓣中查询图书


正题名:情报与文献科学技术概论     索取号:G35/39         预约/预借

序号 登录号 条形码 馆藏地/架位号 状态 备注
1 0209039   000477335   密集书库/ [索取号:G35/39] 在馆    
2 0209040   000477371   密集书库/ [索取号:G35/39] 在馆    
3 0209041   000308571   密集书库/ [索取号:G35/39] 在馆    
4 0209042   0003086423   第一样本阅览室/ [索取号:G35/39] 在馆    
5 0790889   207908898   密集书库/ [索取号:G35/39] 在馆    
唐山师范学院图书馆 欢迎您!
大连网信软件有限公司© 版权所有